00301nam a2200109Ia 4500008004000000020001800040082001800058100002300076245005100099260003300150300000800183210210b2001 xxu||||| |||| 00| 0 eng d a81 223 0724 4 a613.7046 RAVY aRAVISHANKAR (N S). aYoga for health- curative powers of yogasanas. aDelhi.bPustak Mahal.,c2001 a179